Zákony II/2018 - časť B zborník úplných znení zákonov a súvisiacich predpisov k 1.1.2018 z oblasti trestného práva a civilného procesu
Salvato in:
| Natura: | Libro |
|---|---|
| Lingua: | slovacco |
| Pubblicazione: |
Žilina
Poradca
2018
|
| Soggetti: | |
| Tags: |
Nessun Tag, puoi essere il primo ad aggiungerne!!
|
MARC
| LEADER | 00000nam a2200000 4500 | ||
|---|---|---|---|
| 001 | 0240650 | ||
| 005 | 20230109072917.5 | ||
| 022 | |a 1335-6127 | ||
| 041 | 0 | |a slo | |
| 044 | |a SK | ||
| 245 | 1 | 0 | |a Zákony II/2018 - časť B |b zborník úplných znení zákonov a súvisiacich predpisov k 1.1.2018 z oblasti trestného práva a civilného procesu |
| 264 | 1 | |a Žilina |b Poradca |c 2018 | |
| 300 | |a 576 s. | ||
| 610 | 2 | 0 | |a predpisy právne |
| 610 | 2 | 0 | |a legislatíva |
| 610 | 2 | 0 | |a poriadok exekučný |
| 610 | 2 | 0 | |a právo trestné |
| 610 | 2 | 0 | |a poriadok správny |
| 610 | 2 | 0 | |a spory súdne |
| 610 | 2 | 0 | |a polícia |
| 610 | 2 | 0 | |a Slovensko |